| 000 | 00539nam a2200181 i 4500 | ||
|---|---|---|---|
| 001 | 50951 | ||
| 003 | ES-MaACL | ||
| 005 | 20230906162251.0 | ||
| 007 | t| | ||
| 008 | 030807s1968 sp ||||1| spa d | ||
| 100 | 1 |
_aChampion, Jean. _937923 |
|
| 245 | 1 | 3 |
_aEl plátano / _cpor Jean Champion ; [traducción: Fermín Palomeque]. |
| 250 | _a[1ª ed.]. | ||
| 260 |
_aBarcelona : _bBlume, _c[1968] |
||
| 300 |
_a247 p., 1 plan. pleg., 1 map. pleg. ; _c25 cm. |
||
| 700 | 1 |
_aPalomeque, Fermín. _988682 |
|
| 852 |
_aES-MaACL _jC-42275 _bR.68850 |
||
| 999 |
_c50951 _d50951 |
||